AFI's 100 GREATEST AMERICAN MOVIES OF ALL TIME - Statistics

General Stats
  • This quiz has been taken 1,177 times
  • The average score is 35 of 100
Answer Stats
% Correct
THE GODFATHER
83%
CITIZEN KANE
75%
CASABLANCA
74%
GONE WITH THE WIND
74%
STAR WARS
70%
PSYCHO
63%
FORREST GUMP
60%
JAWS
59%
SCHINDLER'S LIST
59%
E.T. THE EXTRA-TERRESTRIAL
58%
GOODFELLAS
55%
TAXI DRIVER
53%
2001: A SPACE ODYSSEY
52%
PULP FICTION
51%
THE WIZARD OF OZ
51%
ONE FLEW OVER THE CUCKOO'S NEST
50%
VERTIGO
50%
IT'S A WONDERFUL LIFE
49%
RAGING BULL
49%
BEN-HUR
48%
APOCALYPSE NOW
47%
NORTH BY NORTHWEST
47%
REAR WINDOW
47%
THE GODFATHER PART II
47%
ON THE WATERFRONT
46%
PLATOON
44%
RAIDERS OF THE LOST ARK
44%
LAWRENCE OF ARABIA
42%
ROCKY
41%
SINGIN' IN THE RAIN
41%
SOME LIKE IT HOT
41%
WEST SIDE STORY
41%
THE GRADUATE
40%
THE SOUND OF MUSIC
40%
A CLOCKWORK ORANGE
39%
DR. STRANGELOVE
39%
ALL ABOUT EVE
38%
CHINATOWN
38%
ANNIE HALL
37%
THE DEER HUNTER
37%
TO KILL A MOCKINGBIRD
37%
THE APARTMENT
36%
A STREETCAR NAMED DESIRE
35%
THE MALTESE FALCON
35%
UNFORGIVEN
35%
HIGH NOON
34%
THE SILENCE OF THE LAMBS
34%
IT HAPPENED ONE NIGHT
33%
BUTCH CASSIDY AND THE SUNDANCE KID
32%
MODERN TIMES
32%
PATTON
32%
BONNIE AND CLYDE
31%
CITY LIGHTS
31%
MR. SMITH GOES TO WASHINGTON
31%
THE BRIDGE ON THE RIVER KWAI
31%
TOOTSIE
31%
MIDNIGHT COWBOY
30%
NETWORK
30%
THE AFRICAN QUEEN
30%
THE SEARCHERS
30%
THE FRENCH CONNECTION
29%
AMADEUS
28%
KING KONG
27%
EASY RIDER
26%
SHANE
26%
THE BEST YEARS OF OUR LIVES
26%
THE GRAPES OF WRATH
26%
THE PHILADELPHIA STORY
26%
DUCK SOUP
25%
MY FAIR LADY
25%
DOUBLE INDEMNITY
24%
ALL QUIET ON THE WESTERN FRONT
23%
CLOSE ENCOUNTERS OF THE THIRD KIND
23%
M*A*S*H
23%
SUNSET BLVD.
23%
THE GOLD RUSH
23%
THE TREASURE OF THE SIERRA MADRE
23%
DANCES WITH WOLVES
22%
FARGO
22%
AMERICAN GRAFFITI
21%
BRINGING UP BABY
21%
FROM HERE TO ETERNITY
21%
SNOW WHITE AND THE SEVEN DWARFS
21%
STAGECOACH
21%
YANKEE DOODLE DANDY
21%
AN AMERICAN IN PARIS
20%
FANTASIA
20%
REBEL WITHOUT A CAUSE
20%
DOCTOR ZHIVAGO
19%
FRANKENSTEIN
18%
MUTINY ON THE BOUNTY
18%
THE THIRD MAN
18%
THE WILD BUNCH
18%
GIANT
17%
GUESS WHO'S COMING TO DINNER
17%
THE BIRTH OF A NATION
16%
THE MANCHURIAN CANDIDATE
16%
THE JAZZ SINGER
15%
WUTHERING HEIGHTS
12%
A PLACE IN THE SUN
11%
No matching quizzes found
Score Distribution
Percent of People with Each Score
Percentile by Number Answered
Your Score History
You have not taken this quiz